Normal view
MARC view
Entry Nombre personal
001 - NÚMERO DE CONTROL
- campo de control: 929
003 - IDENTIFICADOR DE NÚMERO DE CONTROL
- campo de control: DLC
005 - FECHA Y HORA DE LA ÚLTIMA TRANSACCIÓN
- campo de control: 20260319150812.0
008 - ELEMENTOS DE DATO DE LONGITUD-FIJA
- campo de control de longitud fija: 001024n| acannaabn |a aaa c
010 ## - NÚMERO DE CONTROL DE LA BIBLIOTECA DEL CONGRESO
- Número de control de LC: no 00086965
035 ## - NÚMERO DE CONTROL DEL SISTEMA
- Número de control de sistema: (OCoLC)oca05340260
040 ## - FUENTE DE CATALOGACIÓN
- Centro catalogador/agencia de origen: CoU
- Lengua de catalogación: eng
- Centro/agencia transcriptor: CoU
- Centro/agencia modificador: NjBlaOCU
100 1# - ENCABEZAMIENTO-NOMBRE DE PERSONA
- Nombre de persona: Alizade, Alcira Mariam
400 1# - TRAZADO DE VÉASE--NOMBRE DE PERSONA
- Nombre de persona: Alizade, Mariam
400 1# - TRAZADO DE VÉASE--NOMBRE DE PERSONA
- Nombre de persona: Alizade, A. M.
- Forma completa/desarrollada del nombre: (Alcira Mariam)
670 ## - FUENTE DE DATOS ENCONTRADOS
- Cita de la fuente: Feminine sensuality, 1999:
- Información encontrada: t.p. (Alcira Mariam Alizade)
670 ## - FUENTE DE DATOS ENCONTRADOS
- Cita de la fuente: Psychoanalysis and positivity, 2010:
- Información encontrada: t.p. (Mariam Alizade) p. 4 of cover (psychiatrist & training analyst, Argentine Psychoanalytic Assoc.) p. 143 (Alizade, A. M.)